| 000 | 00831cam a2200301 i 4500 | ||
|---|---|---|---|
| 999 |
_c200449068 _d67280 |
||
| 001 | 200449068 | ||
| 003 | TR-AnTOB | ||
| 005 | 20220617141746.0 | ||
| 007 | ta | ||
| 008 | 190321s2016 tu $ 24201 $$$$ 24tu 2Tür u | ||
| 022 | _29789752897359 | ||
| 040 |
_aMAKÜ _beng _erda _cMAKÜ _dTR-AnTOB |
||
| 041 | 0 | _atur | |
| 044 | _ctu | ||
| 050 | 1 | 0 |
_aSF557 _b.G875 2016 |
| 090 | 0 | 0 |
_aSF557 _b.G875 2016 |
| 100 | 1 |
_aGürler, Gülnur Esma _9137448 _eauthor |
|
| 245 | 1 | 0 |
_aGöbekli tepenin kutsal vakfı dut / _cGülnur Esma Gürler. |
| 246 | 3 | 0 | _aDut. |
| 264 | 1 |
_aAnkara : _bAmbalaj Yayıncılık, _c2016. |
|
| 300 |
_a40 pages ; _c24 cm |
||
| 336 |
_atext _btxt _2rdacontent |
||
| 337 |
_aunmediated _bn _2rdamedia |
||
| 338 |
_avolume _bnc _2rdacarrier |
||
| 650 | 7 |
_aDut _9137455 |
|
| 942 |
_2lcc _cBK |
||